Statistics for [Geometry Dash] Extreme Demons by Letter - W

Click here to take the quiz!

General Stats

  • This quiz has been taken 38 times
    (9 since last reset)
  • The average score is 10 of 16

Answer Stats

PublisherAnswer% Correct
augiWasureta
100%
TrusTaWOW
100%
Renn241walter white
86%
mbedWe Are Not The Same
71%
vortroxWelcome To GD News
71%
LoltadWorse Trip
71%
paraWant Me
57%
LemonsWaveBreaker
57%
purplegalaxyWelcome to your mind
57%
DemishioWidestep
57%
SquizaaardWhite Noise
43%
GalaxxyssWild Rose
43%
Aimbotter2123Wind Storm
43%
VigorousGard3nWintertime
43%
TwisterDude161Warning
29%
SmartedWOBBLING MACHINE
29%

Score Distribution

Percentile by Number Answered

Percent of People with Each Score

Your Score History

You have not taken this quiz since the last reset